Các bộ phận cấu thành cơ bản của hệ thống tư pháp hình sự /

Saved in:
Bibliographic Details
Main Author: Lê Cảm, TSKH.PGS.
Format: Article
Language:Vietnamese
Subjects:
Tags: Add Tag
No Tags, Be the first to tag this record!
Institutions: Thư viện Trường Đại học Đà Lạt
LEADER 00845nam a2200289 4500
001 DLU100109122
005 ##20100616
040 # # |a DLU  |b vie 
041 # # |a vie 
044 # # |a vn 
100 # # |a Lê Cảm,   |c TSKH.PGS. 
245 # # |a Các bộ phận cấu thành cơ bản của hệ thống tư pháp hình sự /  |c Lê Cảm. 
653 # # |a Lí luận khoa học 
653 # # |a Luật học 
653 # # |a Pháp lí 
653 # # |a Tố tụng hình sự 
653 # # |a Thuật ngữ 
773 # # |t Tạp chí Toà án nhân dân  |g Số10(20), 2008, tr. 2-15 
920 # # |a Phòng Tạp chí -- Trung tâm Thông tin - Thư viện Trường Đại học Đà Lạt 
994 # # |a DLU 
900 # # |a True 
911 # # |a Nguyễn Thị Linh Chi 
925 # # |a G 
926 # # |a A 
927 # # |a BB 
980 # # |a Thư viện Trường Đại học Đà Lạt